Understanding the causative factors behind stalling of infant mortality in India during the recent period (Record no. 62616)

000 -LEADER
fixed length control field 00517pab a2200181 454500
008 - FIXED-LENGTH DATA ELEMENTS--GENERAL INFORMATION
fixed length control field 180718b2003 xxu||||| |||| 00| 0 eng d
100 ## - MAIN ENTRY--PERSONAL NAME
Personal name Das, N.P.
245 ## - TITLE STATEMENT
Title Understanding the causative factors behind stalling of infant mortality in India during the recent period
260 ## - PUBLICATION, DISTRIBUTION, ETC.
Date of publication, distribution, etc. 2003
300 ## - PHYSICAL DESCRIPTION
Extent p.249-73.
362 ## - DATES OF PUBLICATION AND/OR SEQUENTIAL DESIGNATION
Dates of publication and/or sequential designation Jul-Dec
650 ## - SUBJECT ADDED ENTRY--TOPICAL TERM
Topical term or geographic name entry element Mortality - India
650 ## - SUBJECT ADDED ENTRY--TOPICAL TERM
Topical term or geographic name entry element Child mortality - India
650 ## - SUBJECT ADDED ENTRY--TOPICAL TERM
Topical term or geographic name entry element Child mortality
700 ## - ADDED ENTRY--PERSONAL NAME
Personal name Dey, Devamoni
773 ## - HOST ITEM ENTRY
Main entry heading Demography India
909 ## -
-- 62616
Holdings
Withdrawn status Lost status Damaged status Not for loan Permanent Location Current Location Date acquired Serial Enumeration / chronology Barcode Date last seen Price effective from Koha item type
        Indian Institute of Public Administration Indian Institute of Public Administration 2018-07-19 Volume no: 32, Issue no: 2 AR63066 2018-07-19 2018-07-19 Articles

Powered by Koha